000 00188 a2200097 4500
020 _a999248313
041 _aspa
100 _aMIGUEL CERVANTES
245 _aDON QUIJOTE DE LA MANCHA
942 _cBK
999 _c77
_d77